00551nam a22001337a 4500082001800000110005800018245009500076260006700171526003700238650001300275942001200288999001900300952009800319 a624.1517bPAK aPakistan Water and Power Development Authority942869 aSubsoil investigation report for construction of igloos for ammunition storage at kashmore aLahore.:bPakistan Water and Power Development Authorityc1994 a0b0c0d624_151700000000000_PAK aMCE9379 2ddccBK c546688d546688 00102ddc4070aMCEbMCEd2014-06-17l0o624.1517 PAKpMCE-41526r2014-06-17w2014-06-17yBK